Organismos ongs [documento web] /

Guardado en:
Autor Principal: Encuentralo Com
Formato: Libro
Publicado: : , 19971
Etiquetas: Agregar Etiqueta
Sin Etiquetas, Sea el primero en etiquetar este registro!
LEADER 00354nam a22001335a 4500
001 CEM.cems010267
005 20060214000000.0
008 130507b######################000#0#####d
003 CEMS
082 0 4 |a F060 
100 1 |a Encuentralo Com 
245 1 0 |a Organismos ongs [documento web] / 
260 |a  :  |b ,  |c 19971 
859 |a CEMS  |b BIB. CEMS - 11 de abril  |h F060  |i 1  |p 1670.44  |t Ej.1